[Event "DEM U10w 2017"]
[Site "Willingen GER"]
[Date "2017.06.07"]
[Round "7"]
[White "Labuda, Annika"]
[Black "Roncea, Andreea-Alexandra"]
[Result "0-1"]
[Termination "normal"]
[Board "2"]
[WhiteElo "1144"]
[BlackElo "1361"]
[WhiteClock "00:36:42"]
[BlackClock "00:27:23"]
[PlyCount "84"]
[WhiteFideId "16261453"]
[BlackFideId "16233115"]
[EventCountry "GER"]
[EventRounds "11"]
[EventType "swiss"]
[EventDate "2017.06.03"]

1. e4 {[%clk 1:15:58]} 1... e5 {[%clk 1:15:54]} 2. Nf3 {[%clk 1:16:19]} 2...
Nc6 {[%clk 1:16:18]} 3. Nc3 {[%clk 1:16:29]} 3... Nf6 {[%clk 1:16:39]} 4. Bb5 {
[%clk 1:16:15]} 4... Bb4 {[%clk 1:16:38]} 5. O-O {[%clk 1:16:27]} 5... O-O {
[%clk 1:17:00]} 6. d3 {[%clk 1:16:36]} 6... d6 {[%clk 1:17:18]} 7. Bg5 { [%clk
1:16:27]} 7... Ne7 {[%clk 1:17:38]} 8. Bxf6 {[%clk 1:15:50]} 8... gxf6 { [%clk
1:17:58]} 9. Nh4 {[%clk 1:12:30]} 9... c6 {[%clk 1:16:55]} 10. Ba4 { [%clk
1:10:53]} 10... Ng6 {[%clk 1:15:39]} 11. Nxg6 {[%clk 1:07:51]} 11... fxg6
{[%clk 1:15:08]} 12. Bb3+ {[%clk 1:07:47]} 12... Kg7 {[%clk 1:14:11]} 13. f4 {
[%clk 1:07:09]} 13... exf4 {[%clk 1:03:47]} 14. Rxf4 {[%clk 1:04:24]} 14... f5
{[%clk 0:57:38]} 15. Qf1 {[%clk 1:00:49]} 15... Bc5+ {[%clk 0:57:21]} 16. Kh1 {
[%clk 1:00:44]} 16... Bd4 {[%clk 0:53:43]} 17. g4 {[%clk 1:00:16]} 17... Be5 {
[%clk 0:53:00]} 18. Rf3 {[%clk 0:57:27]} 18... Qh4 {[%clk 0:50:03]} 19. h3 {
[%clk 0:56:26]} 19... f4 {[%clk 0:42:51]} 20. Qf2 {[%clk 0:55:07]} 20... Qxf2 {
[%clk 0:42:16]} 21. Rxf2 {[%clk 0:55:24]} 21... Bd7 {[%clk 0:40:38]} 22. Rd1 {
[%clk 0:54:29]} 22... Bxc3 {[%clk 0:38:00]} 23. bxc3 {[%clk 0:54:49]} 23...
Rae8 {[%clk 0:38:18]} 24. Rdf1 {[%clk 0:54:34]} 24... g5 {[%clk 0:38:24]} 25.
c4 {[%clk 0:54:12]} 25... h6 {[%clk 0:35:13]} 26. Kh2 {[%clk 0:53:26]} 26... c5
{[%clk 0:35:05]} 27. Rb1 {[%clk 0:52:34]} 27... b6 {[%clk 0:35:26]} 28. a4 {
[%clk 0:51:12]} 28... Kf6 {[%clk 0:35:40]} 29. c3 {[%clk 0:51:12]} 29... Ke5 {
[%clk 0:35:13]} 30. Ra1 {[%clk 0:47:30]} 30... Rh8 {[%clk 0:30:28]} 31. Rg1 {
[%clk 0:45:12]} 31... h5 {[%clk 0:28:03]} 32. gxh5 {[%clk 0:44:53]} 32... Rxh5
{[%clk 0:28:17]} 33. Kg2 {[%clk 0:40:37]} 33... Bxh3+ {[%clk 0:27:12]} 34. Kf3
{[%clk 0:40:21]} 34... g4+ {[%clk 0:26:42]} 35. Ke2 {[%clk 0:40:32]} 35... f3+
{[%clk 0:27:03]} 36. Ke1 {[%clk 0:39:41]} 36... Kf4 {[%clk 0:26:59]} 37. Rh2 {
[%clk 0:39:19]} 37... g3 {[%clk 0:26:54]} 38. Rxh3 {[%clk 0:38:20]} 38... Rxh3
{[%clk 0:27:02]} 39. Kf1 {[%clk 0:36:20]} 39... f2 {[%clk 0:27:12]} 40. Rg2 {
[%clk 0:36:11]} 40... Rh1+ {[%clk 0:27:27]} 41. Ke2 {[%clk 0:36:31]} 41...
f1=Q+ {[%clk 0:27:17]} 42. Kd2 {[%clk 0:36:42]} 42... Qxg2# {[%clk 0:27:23]}
0-1

[Event "DEM U10w 2017"]
[Site "Willingen GER"]
[Date "2017.06.07"]
[Round "7"]
[White "Sohr, Luna"]
[Black "Zhou, Lepu Coco"]
[Result "0-1"]
[Termination "normal"]
[Board "3"]
[WhiteElo "1199"]
[BlackElo "1592"]
[WhiteClock "00:18:40"]
[BlackClock "00:18:10"]
[PlyCount "138"]
[WhiteFideId "16251261"]
[BlackFideId "16217136"]
[EventCountry "GER"]
[EventRounds "11"]
[EventType "swiss"]
[EventDate "2017.06.03"]

1. e4 {[%clk 1:15:57]} 1... d6 {[%clk 1:15:55]} 2. Nf3 {[%clk 1:15:57]} 2...
Nf6 {[%clk 1:16:16]} 3. Nc3 {[%clk 1:15:58]} 3... g6 {[%clk 1:16:34]} 4. Bc4 {
[%clk 1:15:19]} 4... Nxe4 {[%clk 1:16:39]} 5. Nxe4 {[%clk 1:14:40]} 5... d5 {
[%clk 1:17:04]} 6. Bxd5 {[%clk 1:13:56]} 6... Qxd5 {[%clk 1:17:23]} 7. Nc3 {
[%clk 1:13:43]} 7... Qc6 {[%clk 1:15:59]} 8. h3 {[%clk 1:12:10]} 8... Bg7 {
[%clk 1:16:11]} 9. O-O {[%clk 1:11:38]} 9... O-O {[%clk 1:15:54]} 10. d4 {
[%clk 1:08:19]} 10... Nd7 {[%clk 1:07:54]} 11. Re1 {[%clk 1:06:27]} 11... e6 {
[%clk 0:51:20]} 12. Be3 {[%clk 1:03:09]} 12... Nb6 {[%clk 0:47:33]} 13. Qc1 {
[%clk 1:00:02]} 13... Rd8 {[%clk 0:37:43]} 14. Rd1 {[%clk 0:56:39]} 14... Nc4 {
[%clk 0:32:57]} 15. b3 {[%clk 0:50:00]} 15... Nxe3 {[%clk 0:30:54]} 16. Qxe3 {
[%clk 0:48:07]} 16... b6 {[%clk 0:23:49]} 17. Qd2 {[%clk 0:37:52]} 17... Bb7 {
[%clk 0:23:07]} 18. Ne2 {[%clk 0:33:58]} 18... e5 {[%clk 0:21:55]} 19. Qc3 {
[%clk 0:30:46]} 19... Qxc3 {[%clk 0:22:15]} 20. Nxc3 {[%clk 0:30:45]} 20... e4
{[%clk 0:22:15]} 21. Ne5 {[%clk 0:29:08]} 21... c5 {[%clk 0:21:28]} 22. Nb5 {
[%clk 0:22:09]} 22... cxd4 {[%clk 0:21:25]} 23. Nc4 {[%clk 0:20:45]} 23... d3 {
[%clk 0:20:35]} 24. Rac1 {[%clk 0:20:05]} 24... Bh6 {[%clk 0:20:34]} 25. Nd2 {
[%clk 0:19:31]} 25... a6 {[%clk 0:19:48]} 26. Na3 {[%clk 0:18:32]} 26... Bf8 {
[%clk 0:19:27]} 27. Nac4 {[%clk 0:18:32]} 27... b5 {[%clk 0:17:31]} 28. Na5 {
[%clk 0:17:32]} 28... Bd5 {[%clk 0:13:53]} 29. cxd3 {[%clk 0:16:39]} 29... exd3
{[%clk 0:13:50]} 30. Nc6 {[%clk 0:15:30]} 30... Rdc8 {[%clk 0:13:18]} 31. Nd4 {
[%clk 0:14:53]} 31... Rxc1 {[%clk 0:12:53]} 32. Rxc1 {[%clk 0:14:54]} 32... Re8
{[%clk 0:12:11]} 33. Rc3 {[%clk 0:14:28]} 33... Re1+ {[%clk 0:11:52]} 34. Kh2 {
[%clk 0:12:32]} 34... Bb4 {[%clk 0:11:59]} 35. Rc8+ {[%clk 0:11:32]} 35... Kg7
{[%clk 0:12:22]} 36. Rd8 {[%clk 0:10:59]} 36... Bxd2 {[%clk 0:11:49]} 37. Rxd5
{[%clk 0:11:09]} 37... Bf4+ {[%clk 0:12:08]} 38. g3 {[%clk 0:11:15]} 38... d2 {
[%clk 0:12:10]} 39. Nf3 {[%clk 0:11:20]} 39... Bxg3+ {[%clk 0:11:58]} 40. Kxg3
{[%clk 0:11:28]} 40... d1=Q {[%clk 0:12:22]} 41. Rxd1 {[%clk 0:11:46]} 41...
Rxd1 {[%clk 0:12:46]} 42. Ne5 {[%clk 0:11:37]} 42... Ra1 {[%clk 0:12:58]} 43.
a4 {[%clk 0:11:50]} 43... bxa4 {[%clk 0:13:18]} 44. bxa4 {[%clk 0:12:12]} 44...
Rxa4 {[%clk 0:13:43]} 45. Nc6 {[%clk 0:12:13]} 45... Ra1 {[%clk 0:13:37]} 46.
f3 {[%clk 0:12:17]} 46... a5 {[%clk 0:14:03]} 47. Nd4 {[%clk 0:12:17]} 47... a4
{[%clk 0:14:24]} 48. Nc2 {[%clk 0:12:37]} 48... Rc1 {[%clk 0:14:17]} 49. Na3 {
[%clk 0:12:54]} 49... Rc3 {[%clk 0:14:06]} 50. Nb1 {[%clk 0:12:56]} 50... Rd3 {
[%clk 0:14:26]} 51. h4 {[%clk 0:13:11]} 51... a3 {[%clk 0:14:52]} 52. Nxa3 {
[%clk 0:13:29]} 52... Rxa3 {[%clk 0:15:16]} 53. h5 {[%clk 0:13:44]} 53... gxh5
{[%clk 0:15:20]} 54. Kf4 {[%clk 0:13:57]} 54... h4 {[%clk 0:15:40]} 55. Kg4 {
[%clk 0:14:22]} 55... h3 {[%clk 0:15:59]} 56. Kxh3 {[%clk 0:14:46]} 56... Rxf3+
{[%clk 0:16:24]} 57. Kg4 {[%clk 0:15:09]} 57... Rf1 {[%clk 0:16:26]} 58. Kg3 {
[%clk 0:15:29]} 58... Kf6 {[%clk 0:16:37]} 59. Kg2 {[%clk 0:15:51]} 59... Rf5 {
[%clk 0:16:55]} 60. Kg3 {[%clk 0:16:10]} 60... Ke5 {[%clk 0:17:16]} 61. Kg4 {
[%clk 0:16:24]} 61... Ke4 {[%clk 0:16:51]} 62. Kg3 {[%clk 0:16:39]} 62... Rf4 {
[%clk 0:17:09]} 63. Kg2 {[%clk 0:17:00]} 63... Ke3 {[%clk 0:17:05]} 64. Kg3 {
[%clk 0:17:10]} 64... h5 {[%clk 0:17:04]} 65. Kg2 {[%clk 0:17:25]} 65... Rf3 {
[%clk 0:17:09]} 66. Kg1 {[%clk 0:17:48]} 66... Rf2 {[%clk 0:17:32]} 67. Kh1 {
[%clk 0:18:07]} 67... Kf3 {[%clk 0:17:47]} 68. Kg1 {[%clk 0:18:23]} 68... Kg3 {
[%clk 0:18:10]} 69. Kh1 {[%clk 0:18:40]} 69... Rf1# 0-1

[Event "DEM U10w 2017"]
[Site "Willingen GER"]
[Date "2017.06.07"]
[Round "7"]
[White "Ramien, Hannah"]
[Black "Peglau, Dora"]
[Result "1/2-1/2"]
[Termination "normal"]
[Board "4"]
[WhiteElo "1243"]
[BlackElo "1159"]
[WhiteClock "01:16:42"]
[BlackClock "01:17:04"]
[PlyCount "92"]
[WhiteFideId "16209982"]
[BlackFideId "16220005"]
[EventCountry "GER"]
[EventRounds "11"]
[EventType "swiss"]
[EventDate "2017.06.03"]

1. e4 {[%clk 1:16:00]} 1... c5 {[%clk 1:16:26]} 2. Nc3 {[%clk 1:16:20]} 2... d6
{[%clk 1:16:47]} 3. f4 {[%clk 1:16:42]} 3... Nc6 {[%clk 1:17:04]} 4. Nf3 g6 5.
d3 e6 6. Be2 Bg7 7. O-O Nge7 8. Qe1 O-O 9. Qg3 Rb8 10. a4 a6 11. Qh3 Nd4 12.
Bd1 b5 13. axb5 axb5 14. Ng5 h6 15. Nf3 b4 16. Ne2 Nec6 17. Nexd4 Nxd4 18. c3
bxc3 19. bxc3 Nxf3+ 20. Rxf3 Bb7 21. Bd2 c4 22. Bc2 cxd3 23. Bxd3 Rc8 24. Rc1
d5 25. exd5 Bxd5 26. Rg3 Qe7 27. c4 Ba8 28. Re1 f5 29. Rxg6 Rf6 30. Qxh6 Rxg6
31. Qxg6 Rc6 32. Bxf5 Qc5+ 33. Be3 Qxf5 34. Qxf5 exf5 35. Bd2 Kf7 36. Rc1 Rd6
37. Bb4 Rd4 38. g3 Bf8 39. Bxf8 Kxf8 40. Rb1 Be4 41. Rc1 Ke7 42. c5 Kd7 43. h4
Bf3 44. Kf2 Bg4 45. c6+ Kc7 46. Rc3 Rd6 1/2-1/2

[Event "DEM U10w 2017"]
[Site "Willingen GER"]
[Date "2017.06.07"]
[Round "7"]
[White "Winkler, Sarah"]
[Black "Fischer, Darja"]
[Result "0-1"]
[Termination "normal"]
[Board "5"]
[WhiteElo "1251"]
[BlackElo "1196"]
[WhiteClock "00:48:06"]
[BlackClock "00:42:48"]
[PlyCount "80"]
[WhiteFideId "16274431"]
[BlackFideId "16240898"]
[EventCountry "GER"]
[EventRounds "11"]
[EventType "swiss"]
[EventDate "2017.06.03"]

1. e4 {[%clk 1:15:56]} 1... e5 {[%clk 1:15:52]} 2. Nf3 {[%clk 1:16:15]} 2...
Nc6 {[%clk 1:16:10]} 3. Bc4 {[%clk 1:16:35]} 3... Bc5 {[%clk 1:16:33]} 4. c3 {
[%clk 1:16:55]} 4... Nf6 {[%clk 1:16:49]} 5. d3 {[%clk 1:17:20]} 5... d6 {
[%clk 1:16:31]} 6. O-O {[%clk 1:17:38]} 6... O-O {[%clk 1:16:56]} 7. Be3 {
[%clk 1:17:53]} 7... Bg4 {[%clk 1:16:53]} 8. h3 {[%clk 1:18:09]} 8... Bh5 {
[%clk 1:16:58]} 9. Nbd2 {[%clk 1:18:05]} 9... a6 {[%clk 1:16:38]} 10. Bb3 {
[%clk 1:17:51]} 10... Re8 {[%clk 1:15:54]} 11. Re1 {[%clk 1:18:07]} 11... d5 {
[%clk 1:14:24]} 12. exd5 {[%clk 1:17:03]} 12... Bxe3 {[%clk 1:13:33]} 13. fxe3
{[%clk 1:14:03]} 13... Nxd5 {[%clk 1:10:57]} 14. Ne4 {[%clk 1:07:40]} 14... Nf6
{[%clk 1:09:39]} 15. Ng3 {[%clk 0:59:55]} 15... Bg6 {[%clk 1:09:45]} 16. Qd2 {
[%clk 0:59:55]} 16... Bxd3 {[%clk 1:09:45]} 17. Rad1 {[%clk 0:57:58]} 17... e4
{[%clk 1:08:23]} 18. Nd4 {[%clk 0:57:19]} 18... Nxd4 {[%clk 1:06:32]} 19. cxd4
{[%clk 0:56:56]} 19... Qd6 {[%clk 1:06:17]} 20. Qf2 {[%clk 0:56:00]} 20... a5 {
[%clk 1:02:55]} 21. Rd2 {[%clk 0:48:02]} 21... a4 {[%clk 0:56:35]} 22. Bc2 {
[%clk 0:47:56]} 22... Bxc2 {[%clk 0:54:00]} 23. Rxc2 {[%clk 0:48:12]} 23... Ra5
{[%clk 0:51:16]} 24. Qf4 {[%clk 0:46:45]} 24... Qxf4 {[%clk 0:50:26]} 25. exf4
{[%clk 0:46:55]} 25... Rd5 {[%clk 0:47:11]} 26. Nxe4 {[%clk 0:46:32]} 26...
Nxe4 {[%clk 0:47:29]} 27. Rxc7 {[%clk 0:46:30]} 27... Rxd4 {[%clk 0:46:44]} 28.
Rxb7 {[%clk 0:46:12]} 28... Nd6 {[%clk 0:46:48]} 29. Rxe8+ {[%clk 0:46:16]}
29... Nxe8 {[%clk 0:47:10]} 30. Rb8 {[%clk 0:46:25]} 30... Kf8 {[%clk 0:47:26]}
31. g3 {[%clk 0:46:36]} 31... Ke7 {[%clk 0:44:30]} 32. Rc8 {[%clk 0:46:35]}
32... Rd3 {[%clk 0:42:01]} 33. Rc3 {[%clk 0:46:08]} 33... Rxc3 {[%clk 0:42:09]}
34. bxc3 {[%clk 0:46:30]} 34... Kd6 {[%clk 0:42:28]} 35. Kf2 {[%clk 0:46:46]}
35... Kc5 {[%clk 0:42:28]} 36. Ke2 {[%clk 0:47:04]} 36... Kc4 {[%clk 0:41:58]}
37. Kd2 {[%clk 0:47:26]} 37... Nd6 {[%clk 0:42:12]} 38. Kc2 {[%clk 0:47:37]}
38... a3 {[%clk 0:42:10]} 39. Kd2 {[%clk 0:47:48]} 39... Ne4+ {[%clk 0:42:34]}
40. Kc2 {[%clk 0:48:06]} 40... Nxc3 {[%clk 0:42:48]} 0-1

[Event "DEM U10w 2017"]
[Site "Willingen GER"]
[Date "2017.06.07"]
[Round "7"]
[White "Englert, Lin"]
[Black "Peglau, Charis"]
[Result "0-1"]
[Termination "normal"]
[Board "6"]
[WhiteElo "1165"]
[BlackElo "1193"]
[WhiteClock "00:35:26"]
[BlackClock "00:53:55"]
[PlyCount "62"]
[WhiteFideId "16226410"]
[BlackFideId "16219996"]
[EventCountry "GER"]
[EventRounds "11"]
[EventType "swiss"]
[EventDate "2017.06.03"]

1. e4 {[%clk 1:15:58]} 1... c5 {[%clk 1:15:52]} 2. Nf3 {[%clk 1:16:18]} 2... d6
{[%clk 1:16:13]} 3. d4 {[%clk 1:16:21]} 3... cxd4 {[%clk 1:16:30]} 4. Nxd4 {
[%clk 1:16:44]} 4... Nf6 {[%clk 1:16:46]} 5. Nc3 {[%clk 1:16:48]} 5... g6 {
[%clk 1:17:01]} 6. Be3 {[%clk 1:16:59]} 6... Bg7 {[%clk 1:17:23]} 7. f3 { [%clk
1:15:54]} 7... O-O {[%clk 1:17:41]} 8. Qd2 {[%clk 1:15:17]} 8... Nc6 { [%clk
1:17:45]} 9. g4 {[%clk 1:14:12]} 9... Nxd4 {[%clk 1:18:03]} 10. Bxd4 { [%clk
1:14:17]} 10... Be6 {[%clk 1:18:20]} 11. h4 {[%clk 1:12:48]} 11... Qc7 { [%clk
1:18:34]} 12. h5 {[%clk 1:10:33]} 12... Rfc8 {[%clk 1:18:38]} 13. h6 { [%clk
1:00:32]} 13... Bh8 {[%clk 1:18:21]} 14. g5 {[%clk 0:59:51]} 14... Ne8 { [%clk
1:18:08]} 15. Bxh8 {[%clk 0:59:29]} 15... Kxh8 {[%clk 1:18:23]} 16. Qd4+ {[%clk
0:55:56]} 16... f6 {[%clk 1:17:43]} 17. f4 {[%clk 0:51:51]} 17... Qc5 { [%clk
1:15:24]} 18. Qxc5 {[%clk 0:51:13]} 18... Rxc5 {[%clk 1:15:11]} 19. gxf6 {[%clk
0:51:21]} 19... Nxf6 {[%clk 1:15:22]} 20. O-O-O {[%clk 0:51:28]} 20... Rf8
{[%clk 1:09:22]} 21. Rd4 {[%clk 0:46:03]} 21... Ng4 {[%clk 1:05:18]} 22. Ne2
{[%clk 0:43:53]} 22... Bxa2 {[%clk 1:02:13]} 23. b3 {[%clk 0:42:42]} 23... Bxb3
{[%clk 1:01:26]} 24. Rd2 {[%clk 0:39:00]} 24... Ne3 {[%clk 0:59:28]} 25. Nd4
{[%clk 0:37:16]} 25... Bg8 {[%clk 0:58:41]} 26. Re2 {[%clk 0:34:51]} 26... Nxf1
{[%clk 0:54:27]} 27. Rxf1 {[%clk 0:35:09]} 27... Bc4 {[%clk 0:54:50]} 28. Rff2
{[%clk 0:34:53]} 28... Bxe2 {[%clk 0:53:15]} 29. Ne6 {[%clk 0:34:56]} 29...
Rcc8 {[%clk 0:53:07]} 30. Nxf8 {[%clk 0:35:04]} 30... Rxf8 { [%clk 0:53:30]}
31. Rxe2 {[%clk 0:35:26]} 31... Rxf4 {[%clk 0:53:55]} 0-1

[Event "DEM U10w 2017"]
[Site "Willingen GER"]
[Date "2017.06.07"]
[Round "7"]
[White "Prinzen, Siri Marleen"]
[Black "Keymer, Cecilia"]
[Result "0-1"]
[Termination "normal"]
[Board "7"]
[WhiteElo "951"]
[BlackElo "1311"]
[PlyCount "88"]
[WhiteFideId "16265912"]
[BlackFideId "16233468"]
[EventCountry "GER"]
[EventRounds "11"]
[EventType "swiss"]
[EventDate "2017.06.03"]

1. e4 e5 2. Nf3 Nc6 3. Bc4 Bc5 4. c3 Nf6 5. d3 d6 6. h3 h6 7. Be3 Bb6 8. O-O g5
9. Bb5 Bd7 10. Nbd2 g4 11. hxg4 Nxg4 12. Nc4 Nxe3 13. Nxe3 Rg8 14. Kh1 Qf6 15.
Qd2 Qg6 16. Nh4 Qh5 17. g3 O-O-O 18. Nd5 Rg4 19. Bxc6 Bxc6 20. Ne7+ Kb8 21.
Nef5 Rh8 22. Kg1 Bd7 23. Kh2 Bxf5 24. exf5 Rhg8 25. Rh1 Rxh4+ 26. Kg2 Rxh1 27.
Rxh1 Qg5 28. Qxg5 hxg5 29. Rh7 Rf8 30. Rg7 f6 31. b4 c5 32. b5 d5 33. Kf3 d4
34. c4 Bd8 35. Rd7 Kc8 36. Rh7 Re8 37. Ke4 Be7 38. Rf7 Kd7 39. Rh7 Kd6 40. Rf7
Ra8 41. Rh7 a6 42. a4 axb5 43. axb5 Ra2 44. f3 Re2# 0-1

[Event "DEM U10w 2017"]
[Site "Willingen GER"]
[Date "2017.06.07"]
[Round "7"]
[White "Trunz, Michelle"]
[Black "Voigt, Anastasia"]
[Result "1/2-1/2"]
[Termination "normal"]
[Board "8"]
[WhiteElo "1340"]
[BlackElo "1181"]
[PlyCount "220"]
[WhiteFideId "16227980"]
[BlackFideId "16235223"]
[EventCountry "GER"]
[EventRounds "11"]
[EventType "swiss"]
[EventDate "2017.06.03"]

1. e4 e5 2. Nf3 Nc6 3. d4 exd4 4. Bc4 Bc5 5. c3 dxc3 6. Bxf7+ Kxf7 7. Qd5+ Ke8
8. Qh5+ g6 9. Qxc5 cxb2 10. Bxb2 Nf6 11. Nbd2 Kf7 12. Ng5+ Kg7 13. O-O d6 14.
Qc4 Rf8 15. Ndf3 Qe7 16. Nd4 Bd7 17. Nge6+ Kh8 18. Nxf8 Rxf8 19. Nxc6 Bxc6 20.
f3 a6 21. Rfd1 Kg7 22. a4 h6 23. Rac1 Re8 24. Bxf6+ Qxf6 25. Qd4 Qxd4+ 26. Rxd4
Re7 27. Kf2 Re5 28. Ke3 Ra5 29. Kd3 Kf7 30. Rdc4 Ke7 31. Kd4 Kd7 32. Ra1 Ke6
33. Kc3 Kd7 34. h3 d5 35. exd5 Rxd5 36. Rd4 Ke6 37. Re1+ Re5 38. Rxe5+ Kxe5 39.
Rh4 h5 40. Rd4 g5 41. Rd8 Bxa4 42. Rh8 h4 43. Rg8 Kf6 44. Rb8 Bc6 45. Rc8 Kf5
46. Rxc7 Kf4 47. Rg7 Kf5 48. Kb4 Kf4 49. Kc5 a5 50. Kc4 a4 51. Kb4 Kf5 52. Re7
Kf4 53. Re1 Kg3 54. Re5 Kxg2 55. Rxg5+ Kxf3 56. Rg7 Kf2 57. Rg4 Bd7 58. Rxh4
Kg3 59. Rh7 Bxh3 60. Rxb7 Bg2 61. Rg7+ Kf2 62. Kxa4 Bc6+ 63. Kb4 Ke3 64. Kc3
Ke4 65. Rc7 Bb5 66. Rc5 Bf1 67. Kd2 Ba6 68. Ra5 Bf1 69. Ke1 Bd3 70. Kf2 Bc4 71.
Kg3 Be2 72. Kh4 Bd1 73. Rb5 Be2 74. Rg5 Bd1 75. Rg1 Bf3 76. Kg3 Bh5 77. Kh4 Bf3
78. Rg8 Kd5 79. Rg5+ Ke4 80. Kg3 Bd1 81. Kf2 Bf3 82. Rg8 Bh5 83. Ra8 Bd1 84.
Ra7 Bh5 85. Ra4+ Kd3 86. Ke1 Bf3 87. Kf2 Bh5 88. Kg3 Be2 89. Rh4 Bd1 90. Kf2
Bc2 91. Ke1 Ke3 92. Rc4 Bg6 93. Rb4 Bf7 94. Kd1 Kd3 95. Ke1 Ke3 96. Rb5 Bg6 97.
Rc5 Kd4 98. Rg5 Bf7 99. Kf1 Be6 100. Ke1 Bb3 101. Rg4+ Ke5 102. Kd2 Bf7 103.
Ke3 Kd5 104. Kd3 Ke5 105. Ke3 Kd5 106. Ra4 Bg8 107. Rg4 Bf7 108. Rd4+ Ke5 109.
Ra4 Kd5 110. Rh4 Bg6 1/2-1/2

[Event "DEM U10w 2017"]
[Site "Willingen GER"]
[Date "2017.06.07"]
[Round "7"]
[White "Bräutigam, Katerina"]
[Black "Wilmink, Anna"]
[Result "1-0"]
[Termination "normal"]
[Board "9"]
[WhiteElo "1064"]
[BlackElo "1140"]
[PlyCount "51"]
[WhiteFideId "16242980"]
[BlackFideId "16273680"]
[EventCountry "GER"]
[EventRounds "11"]
[EventType "swiss"]
[EventDate "2017.06.03"]

1. c4 e6 2. Nc3 d5 3. cxd5 exd5 4. e3 Nf6 5. Nf3 c5 6. d3 Nc6 7. g3 Be6 8. Bg2
Qd7 9. Ng5 Bd6 10. Nxe6 Qxe6 11. O-O O-O-O 12. Re1 Rdg8 13. b3 g5 14. d4 Ne4
15. Nxe4 dxe4 16. d5 Qd7 17. dxc6 Qxc6 18. Bb2 Rd8 19. Bxh8 Bc7 20. Qg4+ Kb8
21. Bb2 Qg6 22. Bxe4 Qg8 23. Bf6 Re8 24. Bg2 Qg6 25. Qf3 g4 26. Qxb7# 1-0

[Event "DEM U10w 2017"]
[Site "Willingen GER"]
[Date "2017.06.07"]
[Round "7"]
[White "Alhassan, Jodi"]
[Black "Nguyen, Jenny Ha Linh"]
[Result "1/2-1/2"]
[Termination "normal"]
[Board "10"]
[WhiteElo "953"]
[BlackElo "1102"]
[PlyCount "62"]
[WhiteFideId "16250460"]
[BlackFideId "16209729"]
[EventCountry "GER"]
[EventRounds "11"]
[EventType "swiss"]
[EventDate "2017.06.03"]

1. e4 d5 2. exd5 Qxd5 3. Nc3 Qa5 4. d4 c6 5. Nf3 Nf6 6. Bd3 Bg4 7. O-O e6 8.
Bg5 Nbd7 9. Ne4 Nxe4 10. Bxe4 Bxf3 11. Qxf3 Qxg5 12. c4 Qf6 13. Qe3 Bd6 14. f4
c5 15. Rad1 cxd4 16. Rxd4 Bc5 17. Rfd1 e5 18. fxe5 Nxe5 19. Kh1 O-O 20. Qh3 h6
21. Rd5 Rad8 22. a3 Rxd5 23. Bxd5 Nd3 24. Qxd3 Qxb2 25. a4 Re8 26. Qf3 Qf2 27.
h3 Qxf3 28. Bxf3 b6 29. g4 Rc8 30. Rd7 g5 31. Bd5 Rf8 1/2-1/2

[Event "DEM U10w 2017"]
[Site "Willingen GER"]
[Date "2017.06.07"]
[Round "7"]
[White "Vianden, Ella"]
[Black "Ulrich, Helena Irene"]
[Result "0-1"]
[Termination "normal"]
[Board "11"]
[WhiteElo "1050"]
[BlackElo "1097"]
[PlyCount "136"]
[WhiteFideId "16235592"]
[BlackFideId "16256000"]
[EventCountry "GER"]
[EventRounds "11"]
[EventType "swiss"]
[EventDate "2017.06.03"]

1. e4 c5 2. Nf3 d6 3. d4 cxd4 4. Nxd4 Nf6 5. Nc3 a6 6. Bg5 e6 7. f4 Be7 8. Bh4
Nbd7 9. g4 Nxe4 10. Bxe7 Nxc3 11. Bxd8 Nxd1 12. Rxd1 Kxd8 13. f5 Ke7 14. Kf2
Rd8 15. Bc4 Ne5 16. Bb3 Nxg4+ 17. Kf3 Ne5+ 18. Kf4 Nc6 19. Rhe1 e5+ 20. Kg5
Nxd4 21. Rxd4 Kf8 22. Rde4 f6+ 23. Kg4 g6 24. Kf3 Bxf5 25. R4e2 h5 26. Rf2 Rac8
27. c3 Ke7 28. Bd5 Be6 29. Bxb7 Rb8 30. Bxa6 Bxa2 31. Bd3 g5 32. Kg2 Rg8 33.
Ref1 Rbf8 34. Kh3 Be6+ 35. Kg3 h4+ 36. Kf3 d5 37. Ke3 Bh3 38. Rb1 Rc8 39. Rc2
g4 40. Bf5 Rc4 41. b3 Rf4 42. Bd3 g3 43. hxg3 hxg3 44. Rg1 Rfg4 45. Rb2 Ke6 46.
b4 e4 47. Be2 Rh4 48. b5 f5 49. b6 f4+ 50. Kd4 Rb8 51. Rb3 g2 52. Ba6 f3 53.
Ke3 Kd6 54. Rb4 Ke5 55. Rb5 Rf4 56. c4 f2 57. Rxd5+ Ke6 58. Kxf4 fxg1=Q 59.
Re5+ Kf6 60. b7 Qf2+ 61. Kxe4 Qe2+ 62. Kd4 Qxe5+ 63. Kd3 Bf5+ 64. Kd2 g1=Q 65.
c5 Qgd4+ 66. Bd3 Qxd3+ 67. Kc1 Qh2 68. c6 Qf1# 0-1

[Event "DEM U10w 2017"]
[Site "Willingen GER"]
[Date "2017.06.07"]
[Round "7"]
[White "Adelmeyer, Nelly"]
[Black "Heinze, Sofie"]
[Result "1-0"]
[Termination "normal"]
[Board "12"]
[WhiteElo "1187"]
[BlackElo "850"]
[PlyCount "47"]
[WhiteFideId "16203577"]
[BlackFideId "16226461"]
[EventCountry "GER"]
[EventRounds "11"]
[EventType "swiss"]
[EventDate "2017.06.03"]

1. d4 d5 2. Nf3 Nf6 3. e3 g6 4. Bd3 Bg7 5. O-O O-O 6. Nbd2 Nbd7 7. b3 c5 8. Bb2
b6 9. c4 Bb7 10. Qc2 Qc7 11. e4 dxe4 12. Nxe4 Rfe8 13. Rfe1 Rad8 14. d5 Rf8 15.
Ned2 Rfe8 16. a3 e6 17. dxe6 fxe6 18. b4 Bh6 19. Ne5 Nf8 20. Rad1 Ba8 21. Ne4
N6d7 22. Qc3 Qb7 23. Ng4 Bg7 24. Qxg7# 1-0

[Event "DEM U10w 2017"]
[Site "Willingen GER"]
[Date "2017.06.07"]
[Round "7"]
[White "Hubert, Charlotte"]
[Black "Schupfer, Victoria"]
[Result "1-0"]
[Termination "normal"]
[Board "13"]
[WhiteElo "1028"]
[BlackElo "830"]
[PlyCount "65"]
[WhiteFideId "16265920"]
[EventCountry "GER"]
[EventRounds "11"]
[EventType "swiss"]
[EventDate "2017.06.03"]

1. e4 e5 2. Nf3 Nc6 3. Bc4 h6 4. c3 Nf6 5. d3 Be7 6. O-O O-O 7. Re1 d6 8. Nbd2
a6 9. Nf1 Qe8 10. Ng3 b5 11. Bb3 Be6 12. Bc2 Qd8 13. d4 Bd7 14. d5 Na5 15. Bd2
Nb7 16. Qe2 Qc8 17. Nh4 Bg4 18. f3 Bd7 19. Nhf5 Bxf5 20. Nxf5 Qe8 21. Qf2 Nh5
22. f4 Bd8 23. fxe5 dxe5 24. Bd1 c5 25. Bxh5 Bb6 26. Qg3 g6 27. Bxh6 c4+ 28.
Kh1 Kh7 29. Bxf8 Qxf8 30. Bg4 gxf5 31. Bxf5+ Kh8 32. Qh4+ Kg8 33. Qh7# 1-0